000 00433nam a2200169Ia 4500
003 STCL
008 181203s9999 xx 000 0 und d
020 _a9780099598169
040 _aSTCL
_bEN
_cSTCL
082 _222
100 _aPirsig, Robert M.
245 0 _aZen and the Art of Motorcycle Maintenance: An Enquiry into Values
260 _bVintage Books
_aLondon
_c2004
300 _a417
546 _aEnglish
942 _2ddc
_cBK
999 _c87003
_d87003